Library services for children / (Record no. 63576)

MARC details
000 -LEADER
fixed length control field 00421nam a22001457a 4500
005 - DATE AND TIME OF LATEST TRANSACTION
control field 20180823120122.0
020 ## - INTERNATIONAL STANDARD BOOK NUMBER
International Standard Book Number 817000389X
Terms of availability 375.00
035 ## - SYSTEM CONTROL NUMBER
System control number B-220010, B-220018
037 ## - SOURCE OF ACQUISITION
Stock number DPL
Source of stock number/acquisition ENG
100 ## - MAIN ENTRY--PERSONAL NAME
Personal name Mohanraj, V.M.
245 ## - TITLE STATEMENT
Title Library services for children /
Statement of responsibility, etc by V. M. Mohanraj
260 ## - PUBLICATION, DISTRIBUTION, ETC. (IMPRINT)
Place of publication, distribution, etc New Delhi
Name of publisher, distributor, etc Ess Ess Publications
Date of publication, distribution, etc 2004
300 ## - PHYSICAL DESCRIPTION
Extent 183p.
Dimensions 20 cms.
942 ## - ADDED ENTRY ELEMENTS (KOHA)
Source of classification or shelving scheme Dewey Decimal Classification
Item type English Books
Classification part 027.625
Call number suffix MOH
Holdings
Withdrawn status Lost status Not for loan Collection code Home library Current library Date acquired Cost, normal purchase price Full call number Barcode Cost, replacement price Koha item type Source of acquisition
      Non-fiction Sarojini Nagar Sarojini Nagar 28/02/2012 375.00 027.625 MOH B-220010 375.00 English Books  
      Non-fiction Shahdara Branch Shahdara Branch 23/08/2018 375.00 027.625 MOH B-220018 375.00 English Books BPPD/PUB

© Delhi Public Library
Hit Counter
free hit counter